000 00290nam a2200109Ia 4500
008 130320s9999 xx 000 0 und d
100 _aKavitha Thomas
245 _aIntegration and reporting tool
502 _bMS IT
_c2006-2008
_fAnkur Dang (GE)
_gGE, Bangalore
650 _aJDBC
650 _aGE
999 _c2804
_d2804